Criminal Procedure / (Record no. 96445)

MARC details
000 -LEADER
fixed length control field 00508nam a22001817a 4500
010 ## - LCCN (DPL NO)
LC control number 1516EN07
020 ## - INTERNATIONAL STANDARD BOOK NUMBER
International Standard Book Number 9789351451013
Terms of availability 695.00
037 ## - SOURCE OF ACQUISITION
Stock number DPL
Source of stock number/acquisition UBH/Ven
100 ## - MAIN ENTRY--PERSONAL NAME
Personal name Kelkars,R.V.
245 ## - TITLE STATEMENT
Title Criminal Procedure /
Statement of responsibility, etc by R.V. Kelkar's
250 ## - EDITION STATEMENT
Edition statement 6th ed
260 ## - PUBLICATION, DISTRIBUTION, ETC. (IMPRINT)
Place of publication, distribution, etc Lucknow
Name of publisher, distributor, etc Eastern Book Company
Date of publication, distribution, etc 2014
270 ## - ADDRESS
Address 34,Lal Bagh ,
City Lucknow
Postal code 226001
300 ## - PHYSICAL DESCRIPTION
Extent 940p.
Dimensions 24cm(pbk)
Other physical details ill.
700 ## - ADDED ENTRY--PERSONAL NAME
Personal name Robert C.Fay
942 ## - ADDED ENTRY ELEMENTS (KOHA)
Source of classification or shelving scheme Dewey Decimal Classification
Item type English Books

No items available.


© Delhi Public Library
Hit Counter
free hit counter